Организационная теория и дизайн: пер. с англ.; учебник

Bibliografske podrobnosti
Glavni avtor: Дафт Р. Ричард
Drugi avtorji: Мерфи Дж. Джонатан, Уилмотт Х. Хьюго
Izvleček:Новая книга всемирно известного гуру менеджмента Ричарда Дафта, написанная в соавторстве с Джонатаном Мерфи и Хьюгом Уилмоттом из Университета Кардиффа (Британия), посвящена прогрессивным идеям по теории и дизайну современных организаций. Приводятся новаторские разработки в области управления компаниями, подкрепленные доказанными на практике классическими теориями и примерами эффективных деловых отношений. Анализируются законы, принципы и связи в организациях; рассматриваются методические основы формирования организационных структур, их типы, культура организации как важнейший фактор формирования современной структуры управления. Эта книга поможет будущим и уже состоявшимся менеджерам справиться со многими из современных проблем менеджмента. Рекомендовано Советом Минобрнауки РФ по образовательной программе дополнительного профессионального образования «Мастер делового администрирования — Master of Business Administration (MB A)» в качестве учебника для слушателей, обучающихся по программе «Мастер делового администрирования».
Jezik:ruščina
Izdano: Санкт-Петербург, Питер, 2013
Serija:Мастер делового администрирования. Master of Business Administration (MBA)
Teme:
Format: Knjiga
KOHA link:https://koha.lib.tpu.ru/cgi-bin/koha/opac-detail.pl?biblionumber=237486

MARC

LEADER 00000nam0a2200000 4500
001 237486
005 20231101231536.0
010 |a 9785496000635 
035 |a (RuTPU)RU\TPU\book\258660 
090 |a 237486 
100 |a 20130516d2013 m y0rusy50 ca 
101 1 |a rus  |c eng 
102 |a RU 
105 |a a j 001zy 
200 1 |a Организационная теория и дизайн  |e пер. с англ.  |e учебник  |f Р. Дафт, Дж. Мерфи, Х. Уилмотт 
210 |a Санкт-Петербург  |c Питер  |d 2013 
215 |a 639 с.  |c ил. 
225 1 |a Мастер делового администрирования. Master of Business Administration (MBA) 
320 |a Глоссарий: с. 624-639. 
330 |a Новая книга всемирно известного гуру менеджмента Ричарда Дафта, написанная в соавторстве с Джонатаном Мерфи и Хьюгом Уилмоттом из Университета Кардиффа (Британия), посвящена прогрессивным идеям по теории и дизайну современных организаций. Приводятся новаторские разработки в области управления компаниями, подкрепленные доказанными на практике классическими теориями и примерами эффективных деловых отношений. Анализируются законы, принципы и связи в организациях; рассматриваются методические основы формирования организационных структур, их типы, культура организации как важнейший фактор формирования современной структуры управления. Эта книга поможет будущим и уже состоявшимся менеджерам справиться со многими из современных проблем менеджмента. Рекомендовано Советом Минобрнауки РФ по образовательной программе дополнительного профессионального образования «Мастер делового администрирования — Master of Business Administration (MB A)» в качестве учебника для слушателей, обучающихся по программе «Мастер делового администрирования». 
606 1 |a Менеджмент  |2 stltpush  |3 (RuTPU)RU\TPU\subj\42098  |9 61850 
610 1 |a организации 
610 1 |a организационная теория 
610 1 |a дизайн 
610 1 |a дизайн среды 
610 1 |a организационные структуры 
610 1 |a внешняя среда 
610 1 |a адаптация 
610 1 |a международная среда 
610 1 |a проектирование 
610 1 |a производство 
610 1 |a услуги 
610 1 |a информационные технологии 
610 1 |a жизненный цикл 
610 1 |a организационная культура 
610 1 |a ценности 
610 1 |a инновации 
610 1 |a принятие решений 
610 1 |a конфликты 
610 1 |a власть 
610 1 |a политические процессы 
610 1 |a учебники 
686 |a У821я73  |v LBC/SL-A  |2 rubbk 
700 1 |a Дафт  |b Р.  |g Ричард 
701 1 |a Мерфи  |b Дж.  |g Джонатан 
701 1 |a Уилмотт  |b Х.  |g Хьюго 
801 1 |a RU  |b 63413507  |c 20130516 
801 2 |a RU  |b 63413507  |c 20150619  |g RCR 
900 |a Организационная культура 
900 |a Организационное поведение 
900 |a Организационное проектирование 
942 |c BK 
952 |l 9 
959 |a 91/20130515  |d 2  |e 910,00  |f ЧЗГЛ:1  |f АНЛ:1